Quick Pick: Signature Pinks Quiz Stats

Quiz Updated Apr 20, 2018

Challenge
Share
Tweet
Embed
Score 0/10 Timer 01:30
1 Play Today
% Correct
Pink Grapefruit
96.1%
The Pink Panther
94%
Pink Floyd
92.5%
Seeing Pink Elephants
90.2%
Pinky and the Brain
88.5%
P!nk
80.1%
Pink Cadillac
76.8%
Pink Slime
76.5%
Pink Houses
59.5%
Music from Big Pink
52.1%

Today's Daily Dose

You're not logged in!

Compare scores with friends on all Sporcle quizzes.
Join for Free
OR
Log In

You Might Also Like...

Show Comments

Extras

Top Quizzes Today


Score Distribution

Your Account Isn't Verified!

In order to create a playlist on Sporcle, you need to verify the email address you used during registration. Go to your Sporcle Settings to finish the process.

Report this User

Report this user for behavior that violates our Community Guidelines.

Details: